000 00919nam a2200337Ia 4500
005 20260514124417.0
008 008 261405s9999 xx 000 0 eng d
037 _aThesis
040 _aCRL
040 _beng
040 _cCRL
041 _2eng
041 _aeng
084 _qCRL
100 _aRaj Dr.Prince
_91239897
245 0 _aAssessment of the Role of Interferential Stimulation Treatment in Children with Fecal Incontinence Following Corrective Surgeries for Anorectal Malformations.
260 _aDelhi
260 _bUniversity of Delhi
260 _c2015
300 _a67p.
502 _bPh.D.
502 _cUniversity of Delhi
502 _d2015
541 _oThesis
650 _aPediatrics Surgery
_91239892
700 _aDr.Jyoti Kumar
_91239451
700 _aDr.Yoesh Kumar Sarin
710 _aPediatrics Surgery
_91239894
942 _cTH
999 _c1851838
_d1851838